000 00605nam a2200205Ia 4500
003 IN-BaIIA
008 211028s9999 xx 000 0 eng d
020 _a0-85274-284-3
040 _cIIA Library
080 _a535.33
_bVAR-2
100 _aVarsanyi, G
_98303
245 0 _aAssignments for vibrational spectra of seven hundred Benzene Derivatives,
_bvol. 2
_cG. Varsanyi
260 _aLondon
_bAdam Hilger
_c1974
300 _a668p
650 _a Benzene Deriatives 
_98304
650 _a Spectroscopy 
_97837
650 _a Vibrational Spectra 
_98305
650 _aNASA Thesaurus 
942 _cBK
999 _c4687
_d4687